| 000 | 00469nam a2200145Ia 4500 | ||
|---|---|---|---|
| 008 | 220214s9999 xx 000 0 und d | ||
| 022 | _a0031-9317 | ||
| 245 | 0 | _aPHYSIOLOGIA PLANTARUM | |
| 260 | _bScandinavian Society for Plant Physiology, Copenhagen, Denmark | ||
| 310 | _aM | ||
| 500 | _aEnding Volume & Year: 111, 2001 | ||
| 500 | _aMissing Volume: 64(4);67(2-3);75(3-4);76;77;81(4);82-86;90(3-4);91-95 | ||
| 500 | _aStarting Volume & Year: 18, 1965 | ||
| 942 | _cBJ | ||
| 999 |
_c5378 _d5378 |
||